| 000 | 00493nam a22001577a 4500 | ||
|---|---|---|---|
| 008 | 220224b |||||||| |||| 00| 0 eng d | ||
| 020 | _a9780669299632 | ||
| 050 | _aQD 40 .H47 1996 | ||
| 100 | _aHerron, Dudley J. | ||
| 245 |
_aHealth Chemistry / _cDudley J. Herron |
||
| 260 |
_aUS: _bD.C Health and company, _c1996. |
||
| 300 |
_axxiv,867p. : _bill. ; _c37cm |
||
| 500 | _aincludes bibliographical references | ||
| 650 | _2Chemistry | ||
| 942 |
_2lcc _cBOOKS _hQD 40 .H47 1996 |
||
| 999 |
_c31168 _d31168 |
||